Teams that never won the UEFA Europa League - Statistics

General Stats
  • This quiz has been taken 10 times
  • The average score is 6 of 13
Answers on the Grid
Answers color-coded by a green-red scale on the quiz's grid according to % correct below.
Göteburg
Dnipro Dnipropetrovsk
Arsenal
CSKA Moscow
Paris Saint Germain
Rsc Anderlecht
AS Roma
Manchester United
Porto
Tottenham Hotspurs
Ipswich
PAOK Thessaloniki
PSV Eindhoven
Bayern Munich
AZ Aikmaar
Blackburn Rovers
Red Bull Leipzig
Galatasaray
Rangers
Sevilla
Zorya Luhansk
Borussia Mönchengladbach
Inter Milan
AC Milan
Napoli
Razgrad Ludogorets
Shakhtar Donetsk
Rayo Vallencano
Schalke 04
Atalanta
 
Answer Stats
Answer % Correct
Blackburn Rovers
63%
Arsenal
50%
Dnipro Dnipropetrovsk
50%
PAOK Thessaloniki
50%
Rangers
50%
Rayo Vallencano
50%
Razgrad Ludogorets
50%
Red Bull Leipzig
50%
AC Milan
38%
AS Roma
38%
AZ Aikmaar
38%
Paris Saint Germain
38%
Zorya Luhansk
25%
No matching quizzes found
Score Distribution
Percent of People with Each Score
Percentile by Number Answered
Your Score History
You have not taken this quiz